[Event "QA Final Matches 1"]
[Site "http://www.queenalice.com/game.php?id=629374"]
[Date "2009.8.2"]
[Round "-"]
[White "nightw0lf"]
[Black "Robin01"]
[Result "1/2-1/2"]
[WhiteElo "1850"]
[BlackElo "2114"]

1. d4 Nf6 2. Nf3 e6 3. Bf4 c5 4. e3 Qb6 5. b3 Nc6 6. c3 d5 7. Be2 cxd4 8. exd4
Be7 9. O-O Bd7 10. Nbd2 O-O 11. Ne5 Nxe5 12. dxe5 Ne8 13. Bd3 f5 14. Nf3 Qd8 15.
Qd2 Nc7 16. h3 Rc8 17. a4 a6 18. Rfc1 h6 19. Be3 Be8 20. Bb6 Qd7 21. b4 d4 22.
cxd4 Bh5 23. Bxc7 Rxc7 24. Bc4 Bxf3 25. gxf3 Rfc8 26. Bb3 Kf7 27. Rxc7 Rxc7 28.
Re1 Kf8 29. d5 exd5 30. Bxd5 Qxa4 31. Qf4 Qc2 32. Be4 Qb3 33. e6 Qxb4 34. Rb1
Qc5 35. Bxb7 g5 36. Qd2 a5 37. Ba6 Qe5 38. Rb5 Qxe6 39. Qxa5 Rc1+ 40. Kg2 f4 41.
Re5 Qd6 42. Rf5+ Kg7 43. Bd3 Bf6 44. Rd5 Qe7 45. Qb5 Rc7 46. Be4 Qf7 47. Rd6 Qe7
48. Ra6 Qe5 49. Qb3 Qb2 50. Qe6 Qe5 51. Qg4 Qb5 52. Rd6 Qe5 53. Rd5 Qe8 54. Qf5
Qf7 55. Qh7+ Kf8 56. Qxh6+ 1/2-1/2

[Event "QA Final Matches 2"]
[Site "http://www.queenalice.com/game.php?id=629375"]
[Date "2009.8.2"]
[Round "-"]
[White "Robin01"]
[Black "nightw0lf"]
[Result "1/2-1/2"]
[WhiteElo "2094"]
[BlackElo "1855"]

1. e4 e5 2. Nf3 Nc6 3. Bb5 a6 4. Ba4 Nf6 5. O-O Be7 6. Re1 b5 7. Bb3 O-O 8. d3
d6 9. c3 Bg4 10. h3 Be6 11. Nbd2 Ne8 12. Nf1 Qd7 13. Ng3 g6 14. d4 Bxb3 15. axb3
exd4 16. cxd4 Bf6 17. Be3 Ng7 18. Qd2 a5 19. Rac1 Nb4 20. d5 Ra6 21. Bd4 Bxd4
22. Nxd4 Rb8 23. Re3 c5 24. dxc6 Nxc6 25. Nxc6 Rxc6 26. Rxc6 Qxc6 27. Qxa5 Qc1+
28. Kh2 Qxb2 29. Qc7 Rf8 30. Qxd6 Qxf2 31. Rf3 Qe1 32. Qd5 Ne6 33. Rf1 Qb4 34.
Rf3 Qc5 35. Qxc5 Nxc5 36. Rc3 Ne6 37. e5 Rd8 38. Ne4 Rd4 39. Nd6 b4 40. Rc8+ Kg7
41. Ne8+ Kh6 42. Nd6 Ng5 43. Rb8 Kg7 44. Rb7 Rf4 45. Kg3 1/2-1/2

[Event "QA Final Matches 1"]
[Site "http://www.queenalice.com/game.php?id=629954"]
[Date "2009.8.3"]
[Round "-"]
[White "shadrach"]
[Black "Robin01"]
[Result "1/2-1/2"]
[WhiteElo "2052"]
[BlackElo "2100"]

1. e4 c5 2. Nf3 d6 3. d4 cxd4 4. Nxd4 Nf6 5. Nc3 a6 6. Be3 e5 7. Nf3 Be6 8. Ng5
Qc7 9. Nxe6 fxe6 10. a4 Be7 11. Be2 O-O 12. O-O Nbd7 13. Qd3 Rac8 14. a5 Qc6 15.
Bf3 Qc4 16. Rfd1 Qxd3 17. Rxd3 Rfe8 18. Rdd1 Nf8 19. Ra4 Red8 20. Bb6 Rd7 21. g4
g5 22. h3 Ng6 23. Be2 Nf4 24. Bf1 d5 25. exd5 exd5 26. Rd2 Bd8 27. Rb4 Bxb6 28.
Rxb6 Kg7 29. f3 d4 30. Ne2 N4d5 31. Re6 Re8 32. Rxe8 Nxe8 33. Ng3 Nf4 34. c3 Kf8
35. Ne2 Nxe2+ 36. Bxe2 Nf6 37. c4 h6 38. Bd3 Ke7 39. b4 Rc7 40. Kf2 1/2-1/2

[Event "QA Final Matches 2"]
[Site "http://www.queenalice.com/game.php?id=629957"]
[Date "2009.8.3"]
[Round "-"]
[White "Robin01"]
[Black "shadrach"]
[Result "1-0"]
[WhiteElo "2065"]
[BlackElo "2090"]

1. e4 c5 2. Nf3 d6 3. d4 cxd4 4. Nxd4 Nf6 5. Nc3 a6 6. f4 e5 7. Nf3 Nbd7 8. a4
Be7 9. Bd3 O-O 10. O-O Nc5 11. Kh1 exf4 12. Bxf4 Bg4 13. Be3 Rc8 14. Qd2 Nxd3
15. Qxd3 Be6 16. Rfd1 Bc4 17. Qd2 d5 18. e5 Ng4 19. Bd4 Qa5 20. Qf4 Nh6 21. b3
Bxb3 22. cxb3 Rxc3 23. Bxc3 Qxc3 24. Rdc1 Qxb3 25. Rab1 Qa3 26. Rxb7 Bc5 27.
Rcb1 d4 28. g4 d3 29. g5 d2 30. gxh6 Be3 31. Qc4 Qc1+ 32. Qf1 Bxh6 33. Rd7 Qc2
34. Qd1 Qe4 35. Qb3 Be3 36. Rf1 Qc6 37. Qd5 Qc1 38. Nxd2 1-0

[Event " QA Final Matches 3"]
[Site "http://www.queenalice.com/game.php?id=630123"]
[Date "2009.8.3"]
[Round "-"]
[White "shadrach"]
[Black "Robin01"]
[Result "1/2-1/2"]
[WhiteElo "2054"]
[BlackElo "2099"]

1. e4 c5 2. Nf3 d6 3. d4 cxd4 4. Nxd4 Nf6 5. Nc3 a6 6. Be3 e5 7. Nb3 Be7 8. f3
Be6 9. Qd2 O-O 10. O-O-O Nbd7 11. g4 Qc7 12. Kb1 Rfc8 13. Qf2 b5 14. g5 Nh5 15.
h4 b4 16. Nd5 Bxd5 17. Rxd5 a5 18. Bh3 a4 19. Nc1 Rcb8 20. Bg4 g6 21. Bxh5 gxh5
22. Rhd1 Nb6 23. Bxb6 Rxb6 24. f4 b3 25. axb3 exf4 26. Qxf4 a3 27. bxa3 Rxa3 28.
Kb2 Bf8 29. Kxa3 Qc3 30. R1d4 Bg7 31. Na2 Ra6+ 32. Ra4 Qb2+ 33. Kb4 Rxa4+ 34.
Kxa4 Qxa2+ 35. Kb4 Qxc2 36. Qe3 Qc6 37. Rb5 Be5 38. Rb8+ Kg7 39. Rb6 Qc7 40. Rb5
Qc6 41. Rb6 Qc7 42. Ka5 Qa7+ 43. Kb5 Qc7 44. b4 Qa7 45. Kc6 Qa4+ 46. b5 Qc4+ 47.
Kb7 Bd4 48. Qf4 Bxb6 49. Kxb6 Qc5+ 1/2-1/2

[Event " QA Final Matches 4"]
[Site "http://www.queenalice.com/game.php?id=630124"]
[Date "2009.8.3"]
[Round "-"]
[White "Robin01"]
[Black "shadrach"]
[Result "1/2-1/2"]
[WhiteElo "2064"]
[BlackElo "2079"]

1. e4 c5 2. Nf3 d6 3. d4 cxd4 4. Nxd4 Nf6 5. Nc3 g6 6. Be3 Bg7 7. Be2 Nc6 8. O-O
O-O 9. Qd2 d5 10. exd5 Nxd5 11. Nxc6 bxc6 12. Rad1 Qc7 13. Nxd5 cxd5 14. Qxd5
Be6 15. Qc5 Qxc5 16. Bxc5 Bxb2 17. Rb1 Bf6 18. Rb7 Bxa2 19. Rxa7 1/2-1/2

[Event "QA Final Matches 3"]
[Site "http://www.queenalice.com/game.php?id=630534"]
[Date "2009.8.4"]
[Round "-"]
[White "nightw0lf"]
[Black "Robin01"]
[Result "1-0"]
[WhiteElo "1828"]
[BlackElo "2106"]

1. d4 Nf6 2. c4 e6 3. Nf3 d5 4. e3 c5 5. Bd3 dxc4 6. Bxc4 a6 7. a3 b5 8. Bd3 Bb7
9. O-O Be7 10. Nc3 Nbd7 11. Qe2 O-O 12. Rd1 Qc7 13. e4 cxd4 14. Nxd4 Rfd8 15.
Be3 Ne5 16. f3 Nxd3 17. Rxd3 Bd6 18. g4 Bf4 19. Rc1 Bxe3+ 20. Qxe3 Qe7 21. Nce2
Rac8 22. Rdc3 Rxc3 23. Rxc3 Qd7 24. Rc1 h6 25. Nb3 Qd3 26. Qxd3 Rxd3 27. Nc5 Rd2
28. Kf2 Bc8 29. Ke3 Rd8 30. Nd4 Nd7 31. Nc6 Re8 32. Nxd7 Bxd7 33. Ne5 Rc8 34.
Rxc8+ Bxc8 35. Kd4 f6 36. Nc6 Kf8 37. Kc5 e5 38. Kb6 Be6 39. Na5 1-0

[Event "QA Final Matches 4"]
[Site "http://www.queenalice.com/game.php?id=630536"]
[Date "2009.8.4"]
[Round "-"]
[White "Robin01"]
[Black "nightw0lf"]
[Result "1-0"]
[WhiteElo "2102"]
[BlackElo "1833"]

1. e4 c5 2. Nf3 d6 3. d4 cxd4 4. Nxd4 Nf6 5. Nc3 a6 6. Be3 e5 7. Nb3 Be7 8. Be2
Be6 9. O-O O-O 10. Qd2 Nbd7 11. a4 Qc7 12. Rfd1 Bxb3 13. cxb3 Nc5 14. Nd5 Nxd5
15. Qxd5 Rac8 16. b4 Ne6 17. Rac1 Qb8 18. Rxc8 Qxc8 19. Rc1 Qd7 20. b3 Rc8 21.
Rxc8+ Qxc8 22. h3 Qc7 23. b5 axb5 24. Qxb5 Nc5 25. f3 Qd7 26. Qxd7 Nxd7 27. Bb5
Nf6 28. Bc4 Bd8 29. b4 b6 30. Bd2 Nd7 31. a5 bxa5 32. bxa5 Nb8 33. Bb5 Kf8 34.
Kf2 Ke7 35. a6 Bb6+ 36. Be3 Bxe3+ 37. Kxe3 Nxa6 38. Bxa6 g6 39. h4 f5 40. Kd3
1-0

[Event "QA Final Matches 1"]
[Site "http://www.queenalice.com/game.php?id=630594"]
[Date "2009.8.4"]
[Round "-"]
[White "arsen387"]
[Black "Robin01"]
[Result "0-1"]
[WhiteElo "2069"]
[BlackElo "2081"]

1. e4 c5 2. Nf3 d6 3. d4 cxd4 4. Nxd4 Nf6 5. Nc3 a6 6. Bg5 e6 7. f4 Qc7 8. Qe2
Nbd7 9. O-O-O Be7 10. g4 b5 11. a3 Bb7 12. Bh4 Nb6 13. Rg1 Rc8 14. g5 Nfd7 15.
Bg2 Nc5 16. Rd2 Nc4 17. Rdd1 O-O 18. f5 Rfe8 19. fxe6 Nxe6 20. Nxe6 fxe6 21. Rd3
Qc5 22. Bf2 Bxg5+ 23. Kb1 Qc7 24. Rg3 Bf6 25. e5 Bxe5 26. Rh3 Bxg2 27. Rxg2 Nxb2
28. Qh5 g6 0-1

[Event "QA Final Matches 2"]
[Site "http://www.queenalice.com/game.php?id=630595"]
[Date "2009.8.4"]
[Round "-"]
[White "Robin01"]
[Black "arsen387"]
[Result "1-0"]
[WhiteElo "2082"]
[BlackElo "2120"]

1. e4 c6 2. d4 d5 3. Nc3 dxe4 4. Nxe4 Nf6 5. Nxf6+ gxf6 6. c3 h5 7. Bd3 Qb6 8.
Qe2 Bg4 9. Nf3 Nd7 10. h3 Bxf3 11. Qxf3 e6 12. b4 Bxb4 13. Bd2 Bd6 14. Rb1 Qc7
15. O-O O-O-O 16. Rb2 f5 17. Rfb1 Rdg8 18. Rxb7 Qxb7 19. Rxb7 Kxb7 20. Bb5 Nb8
21. c4 Kc7 22. Ba4 Rg6 23. c5 Be7 24. Bf4+ Kc8 25. Qb3 1-0

[Event "nightw0lf-2"]
[Site "http://www.queenalice.com/game.php?id=684256"]
[Date "2009.11.16"]
[Round "1"]
[White "Robin01"]
[Black "nightw0lf"]
[Result "1-0"]
[WhiteElo "2097"]
[BlackElo "1810"]

1. e4 b6 2. d4 Bb7 3. Bd3 e6 4. Nf3 Nf6 5. Qe2 Be7 6. O-O O-O 7. e5 Ne8 8. Bf4
f5 9. exf6 Bxf6 10. Nbd2 Bxd4 11. Bxh7+ Kxh7 12. Qd3+ Kg8 13. Qxd4 Qf6 14. Bg3
Bxf3 15. Nxf3 Nc6 16. Qxd7 1-0

[Event "nightw0lf-2"]
[Site "http://www.queenalice.com/game.php?id=721404"]
[Date "2010.1.27"]
[Round "2"]
[White "crawfb5"]
[Black "Robin01"]
[Result "0-1"]
[WhiteElo "2234"]
[BlackElo "2097"]

1. e4 c5 2. Nf3 d6 3. d4 cxd4 4. Nxd4 Nf6 5. Nc3 a6 6. Bg5 e6 7. f4 Qb6 8. Qd2
Nc6 9. Bxf6 gxf6 10. Nb3 Bd7 11. O-O-O O-O-O 12. Be2 h5 13. Rhf1 Be7 14. Rf3
Rhg8 15. Bf1 Kb8 16. Kb1 h4 17. Rh3 Rg4 18. f5 Ne5 19. Qh6 Qf2 20. Nd2 Rc8 21.
Nf3 Rxe4 22. Nxe5 dxe5 23. Rf3 Qc5 24. Bd3 Rd4 25. fxe6 Bxe6 26. a3 Qb6 27. Kc1
Bg4 28. Re1 Bxf3 29. gxf3 Bxa3 0-1

[Event "nightw0lf-2"]
[Site "http://www.queenalice.com/game.php?id=793188"]
[Date "2010.6.21"]
[Round "3"]
[White "Robin01"]
[Black "mandar9589"]
[Result "1/2-1/2"]
[WhiteElo "2110"]
[BlackElo "2144"]

1. e4 d6 2. d4 Nf6 3. Nc3 g6 4. Nf3 Bg7 5. Be2 O-O 6. O-O c6 7. Bf4 Nbd7 8. h3
Nh5 9. Bg5 h6 10. Be3 e5 11. Qd2 Kh7 12. Rfd1 Qf6 13. dxe5 dxe5 14. a4 Nf4 15.
a5 Re8 16. Nh2 Qe7 17. Bxf4 exf4 18. Qxf4 Be5 19. Qf3 Nc5 20. Bd3 Nxd3 21. Rxd3
f5 22. exf5 Bxf5 23. Re3 Bxh2+ 24. Kxh2 Qc7+ 25. Kg1 Rxe3 26. Qxe3 Bxc2 27. Re1
Qf7 28. Qc5 Re8 29. Rxe8 Qxe8 30. Qxa7 Qe1+ 31. Kh2 Qe5+ 32. g3 Qg7 33. Qc5
1/2-1/2

[Event "A new game "]
[Site "http://www.queenalice.com/game.php?id=817789"]
[Date "2010.8.13"]
[Round "1"]
[White "Robin01"]
[Black "crawfb5"]
[Result "1/2-1/2"]
[WhiteElo "2106"]
[BlackElo "2232"]

1. e4 c6 2. d4 d5 3. Nc3 dxe4 4. Nxe4 Bf5 5. Ng3 Bg6 6. h4 h6 7. Nf3 Nf6 8. Ne5
Bh7 9. Bd3 Bxd3 10. Qxd3 e6 11. Bd2 Nbd7 12. f4 Be7 13. O-O-O c5 14. Bc3 O-O 15.
dxc5 Nxc5 16. Qf3 Qc7 17. Ng4 Nxg4 18. Qxg4 f6 19. Kb1 Qc6 20. Rhe1 Rac8 21. Qe2
Na4 22. Bd4 Rfd8 23. Qxe6+ Qxe6 24. Rxe6 Bc5 25. c3 Kf7 26. Ree1 Bxd4 27. Rxd4
Rxd4 28. cxd4 Nb6 29. f5 1/2-1/2

[Event "A new game "]
[Site "http://www.queenalice.com/game.php?id=866381"]
[Date "2010.12.1"]
[Round "2"]
[White "TheAlchemist"]
[Black "Robin01"]
[Result "1/2-1/2"]
[WhiteElo "2049"]
[BlackElo "2111"]

1. e4 c5 2. Nf3 d6 3. d4 cxd4 4. Nxd4 Nf6 5. Nc3 a6 6. Be3 e5 7. Nb3 Be6 8. f3
Be7 9. Qd2 O-O 10. O-O-O Nbd7 11. g4 b5 12. g5 b4 13. Ne2 Ne8 14. Ng3 a5 15. Kb1
a4 16. Nc1 Qb8 17. Nf5 Bd8 18. h4 b3 19. axb3 axb3 20. Nxb3 Bxb3 21. cxb3 Qxb3
22. Qd5 Qb8 23. Nxd6 Nb6 24. Bxb6 Bxb6 25. Nxf7 Rxf7 26. Bc4 Ra7 27. Qb5 Kh8 28.
Bxf7 Rxf7 29. h5 Rb7 30. Rd7 Bc7 31. Qe2 Bd6 32. Rxb7 Qxb7 33. h6 gxh6 34. Rxh6
Qa7 35. Qh2 Qe7 36. g6 Nf6 37. gxh7 Qg7 38. Qd2 Bf8 39. Rh1 Nxh7 40. Qd8 Kg8 41.
Qd5+ Kh8 42. Qe6 Qg5 43. Qf7 Qg7 44. Qe8 Qe7 45. Qxe7 Bxe7 46. Rh5 Bd6 47. Rh6
Bc5 48. Re6 Bd4 49. Rg6 Nf8 50. Rg2 Kh7 51. b4 Ne6 52. Kc2 Kh6 53. Kb3 Ng5 54.
Kc4 Nxf3 55. Rg3 Ng5 56. Kd5 Kg6 57. b5 Kf6 58. Rb3 Ke7 59. b6 Nh7 60. b7 Nf6+
61. Kc6 Ba7 62. b8=Q Bxb8 63. Rxb8 Nxe4 1/2-1/2

[Event "nightw0lf-2"]
[Site "http://www.queenalice.com/game.php?id=868919"]
[Date "2010.12.7"]
[Round "4"]
[White "TheAlchemist"]
[Black "Robin01"]
[Result "1/2-1/2"]
[WhiteElo "2051"]
[BlackElo "2109"]

1. Nf3 Nf6 2. g3 d5 3. Bg2 c6 4. O-O Bf5 5. d3 e6 6. Nbd2 h6 7. b3 Be7 8. Bb2
O-O 9. Re1 Bh7 10. e4 a5 11. a4 Na6 12. Ne5 Nc5 13. Qe2 Re8 14. h3 Rc8 15. Rad1
Qc7 16. Kh1 Ncd7 17. f4 Nf8 18. c4 Bb4 19. Rf1 Bxd2 20. Rxd2 Qb6 21. g4 N6d7 22.
g5 Nxe5 23. Bxe5 hxg5 24. fxg5 Ng6 25. Bb2 Qxb3 26. Qf3 Re7 27. cxd5 cxd5 28.
exd5 Qxa4 29. dxe6 fxe6 30. Rdf2 Qe8 31. Qg4 b5 32. Be4 b4 33. h4 Nh8 34. Bxh7+
Kxh7 35. h5 Kg8 36. g6 Qc6+ 1/2-1/2

[Event "A new game "]
[Site "http://www.queenalice.com/game.php?id=959063"]
[Date "2011.7.10"]
[Round "3"]
[White "Robin01"]
[Black "ahmadov"]
[Result "1-0"]
[WhiteElo "2107"]
[BlackElo "2002"]

1. e4 e5 2. Nf3 Nc6 3. Bb5 a6 4. Ba4 b5 5. Bb3 Be7 6. O-O Nf6 7. Re1 O-O 8. d3
d6 9. c3 Bb7 10. Nbd2 Na5 11. Bc2 c5 12. Nf1 c4 13. d4 exd4 14. cxd4 Nc6 15. Ng3
g6 16. Bg5 Ne8 17. Bxe7 Qxe7 18. Qd2 Ng7 19. b3 Rac8 20. Re3 Nd8 21. bxc4 Rxc4
22. Bb3 Rc8 23. d5 Ne8 24. e5 Nc7 25. Ne4 Ne8 26. exd6 Nxd6 27. Qb4 Nf5 28. d6
Nxd6 29. Nxd6 1-0

[Event "Let's Play Chess!"]
[Site "http://www.queenalice.com/game.php?id=1097623"]
[Date "2012.8.29"]
[Round "-"]
[White "bmp"]
[Black "Robin01"]
[Result "1-0"]
[WhiteElo "2244"]
[BlackElo "2126"]

1. Nf3 Nf6 2. d4 e6 3. c4 b6 4. Nc3 Bb7 5. a3 d5 6. Qc2 dxc4 7. e4 c5 8. d5 exd5
9. exd5 Bd6 10. Bxc4 O-O 11. O-O Nbd7 12. Re1 a6 13. Bg5 h6 14. Bh4 b5 15. Ne4
Qc7 16. Bxf6 Nxf6 17. Nxf6+ gxf6 18. Re4 f5 19. Rh4 bxc4 20. Qxf5 Bc8 21. Rg4+
1-0

[Event "Challenge"]
[Site "http://www.queenalice.com/game.php?id=1100845"]
[Date "2012.9.8"]
[Round "-"]
[White "Robin01"]
[Black "i3stitches"]
[Result "1-0"]
[WhiteElo "2116"]
[BlackElo "2056"]

1. e4 e5 2. Nf3 Nc6 3. Bb5 a6 4. Ba4 Nf6 5. O-O Be7 6. Re1 b5 7. Bb3 O-O 8. a4
Bb7 9. d3 d6 10. Nbd2 Na5 11. Ba2 c5 12. Nf1 b4 13. Ne3 Qd7 14. Nf5 h6 15. N3h4
Nh7 16. Qg4 1-0

[Event "Challenge"]
[Site "http://www.queenalice.com/game.php?id=1117942"]
[Date "2012.11.1"]
[Round "-"]
[White "i3stitches"]
[Black "Robin01"]
[Result "0-1"]
[WhiteElo "2082"]
[BlackElo "2126"]

1. d4 Nf6 2. c4 e6 3. Nf3 b6 4. g3 Bb7 5. Bg2 d6 6. Nc3 Nbd7 7. O-O Be7 8. Re1
O-O 9. e4 e5 10. d5 a5 11. Nh4 Nc5 12. Nf5 Bc8 13. Nxe7+ Qxe7 14. Bg5 h6 15.
Bxf6 Qxf6 16. Re3 Bd7 17. b3 Qg6 18. f4 exf4 19. gxf4 Rae8 20. Rg3 Qf6 21. Qd2
Nxe4 22. Bxe4 Rxe4 23. Rf1 Qd4+ 24. Qxd4 Rxd4 25. Re3 Re8 26. Rxe8+ Bxe8 27. Re1
Kf8 28. Re4 Rd3 29. Ne2 Rd1+ 30. Kf2 Rd2 31. a4 f5 32. Re3 Bh5 0-1

[Event "#48"]
[Site "http://www.queenalice.com/game.php?id=1178041"]
[Date "2013.5.6"]
[Round "-"]
[White "Robin01"]
[Black "hennastalker"]
[Result "1-0"]
[WhiteElo "2137"]
[BlackElo "1992"]

1. e4 e6 2. d4 d5 3. e5 b6 4. c3 Qd7 5. Nf3 Ba6 6. Bxa6 Nxa6 7. Qd3 Nb8 8. O-O
c5 9. Re1 Ne7 10. Nbd2 Nec6 11. Nf1 Qc7 12. Bd2 Nd7 13. h4 g6 14. N1h2 Bg7 15.
Qc2 1-0